| 000 | 00625nam a2200205 i 4500 | ||
|---|---|---|---|
| 001 | 101926 | ||
| 003 | ES-MaACL | ||
| 005 | 20230906183018.0 | ||
| 007 | t| | ||
| 008 | 051028s1972 sp ||||1| spa d | ||
| 100 | 1 |
_aMendels, Joseph. _980099 |
|
| 245 | 1 | 3 |
_aLa depresión / _cJoseph Mendels; [versión de Antonio Martínez Riu]. |
| 260 |
_aBarcelona : _bHerbert, _c1972. |
||
| 300 |
_a176 p. ; _c22 cm. |
||
| 490 | 1 |
_aBiblioteca de psicología ; _v11 |
|
| 700 | 1 |
_aMartínez Riu, Antonio. _978364 |
|
| 830 | 0 |
_aBiblioteca de psicología ; _v11 _9180745 |
|
| 852 |
_aES-MaACL _jC-44717 _bR.83947 |
||
| 999 |
_c101926 _d101926 |
||